|
|
|
|
| LEADER |
00000nab a2200000 a 4500 |
| 001 |
vtls000383154 |
| 003 |
SK-MaSNL |
| 005 |
20260304023624.0 |
| 008 |
160215c1990 xo 0 slo |
| 015 |
|
|
|a SNBRB19rr/mm-uuuuu
|
| 035 |
|
|
|a CL0383276
|
| 040 |
|
|
|a SNKBUCL
|b slo
|c SNKBUCL
|e AACR2
|
| 041 |
0 |
|
|a slo
|
| 044 |
|
|
|a xo
|c SK
|
| 080 |
|
|
|a 792.7.071.1
|2 1981
|
| 080 |
|
|
|a 792.075
|2 1981
|
| 080 |
|
|
|a 323.113(430.1=854)
|2 1981
|
| 080 |
|
|
|a 929 Sládek, Milan
|2 1981
|
| 100 |
1 |
|
|a Sládek, Milan,
|d 1938-2024
|4 aut
|9 247709
|
| 245 |
1 |
0 |
|a S dĺžňom v priezvisku
|c Milan Sládek, Vladimír Hák
|
| 300 |
|
|
|b Obr. 3.
|
| 600 |
1 |
7 |
|a Sládek, Milan,
|d 1938-2024
|2 snkbucl
|9 247709
|
| 650 |
0 |
7 |
|a Slováci v zahraničí
|2 snkbucl
|9 14695
|
| 650 |
0 |
7 |
|a Spolková republika Nemecko
|2 snkbucl
|9 514854
|
| 655 |
|
7 |
|a články z novín a časopisov
|2 snkbucl
|9 267496
|
| 700 |
1 |
|
|a Hák, Vladimír,
|d 1946-2005
|4 aut
|9 195430
|
| 773 |
0 |
|
|t Svet
|g Č. 15 (1990), s. 10-11
|
| 850 |
|
|
|a Slovenská národná knižnica v Martine
|a MTA001
|
| 852 |
|
|
|a SNK
|b KIS3GCP
|
| 958 |
|
|
|a BX
|
| 958 |
|
|
|a RK
|
| 992 |
|
|
|a RBX
|
| 999 |
|
|
|c 2617469
|d 2619399
|